000 00733cam a22002531 4500
001 sa 68005313
003 DLC
005 20260227112507.0
008 080423s1966 xx 000 0 urdr
010 _asa 68005313
020 _cRs 2.75
040 _aDLC
_cDLC
_dDLC
043 _aa-ii---
050 0 0 _aPK6451.A59
_bH5 1966
100 1 _aAmīr Khusraw Dihlavī,
_dapproximately 1253-1325.
245 1 0 _aHindūstān Amīr K̲h̲usrau kī naẓar men̲.
260 _an.p.
_c1966.
300 _a6, 2, 126 p.
_c25 cm.
500 _aCover title.
500 _aPersian and Urdu.
650 0 _aPoetry of places
_zIndia.
651 0 _aIndia
_xDescription and travel
_vPoetry.
700 1 _aʻAbdurraḥmān, Ṣabāḥuddīn,
_eed.
999 _c80647
_d80647